Places with the Most Luxembourgers - Statistics

General Stats
  • This quiz has been taken 338 times
  • The average score is 6 of 7
Answer Stats
Population Country % Correct
15,596 Germany
98%
45,000 France
97%
30,000 Belgium
94%
40,658 United States
91%
275,850 Luxembourg
87%
3,790 Canada
68%
25,000–80,000 Brazil
35%
No matching quizzes found
Score Distribution
Percent of People with Each Score
Percentile by Number Answered
Your Score History
You have not taken this quiz